Argumentácia v komunikácii - teória a prax

Argumentácia a rétorika. Argumentácia v komunikácii. Argument. Názor versus veda, viera, city.

Saved in:
Bibliographic Details
Main Author: Rizeková, Iveta, 1961-
Format: Book Chapter
Language:Slovak
Subjects:
Tags: Add Tag
No Tags, Be the first to tag this record!

MARC

LEADER 00000nla$a2200000$$$4500
001 0120398
005 20240502072342.5
041 0 |a slo 
044 |a SK 
245 1 0 |a Argumentácia v komunikácii - teória a prax  |c Iveta Rizeková 
520 |a Argumentácia a rétorika. Argumentácia v komunikácii. Argument. Názor versus veda, viera, city. 
610 2 0 |a komunikácia 
610 2 0 |a informácie 
610 2 0 |a teória a prax 
610 2 0 |a argumentácia 
100 1 |a Rizeková, Iveta, 1961-